Stupid General Knowledge - Statistics

General Stats
  • This quiz has been taken 113 times
  • The average score is 2 of 25
Answer Stats
Answer Question % Correct
25 [A-Z0-9]
100%
Yes No
80%
The answer is Question Mark but the actual symbol, k? k
12%
What s the longest movie title ever bro? Up | It | 9 | 7 | Shorts
6%
What is the quote as here " FREEEDUMB!"? Who cares/ Brave
2%
Sure thing Brosky Problems lately?
1%
What is 2+2 =equal? 1472
0%
ha-ha lol, which movie was that Attack of the Clones
0%
What numebr is dat? Duh year I was born n of course
0%
Whats mi mamas fav-o-right movie picture? Dumb and Dumber
0%
Do I prefer periods ever sentences (after not ever) Ha-ha
0%
Bi D way R U a bro, broette or a brosky ? Imma
0%
Hopefully This Wasn't Too Hard 4 U's Peoples K? K people bye now. . .
0%
Fine if you're still here I'll ask one more question k brosky? K yep bruh
0%
Was this been a tricky sorty quizzy fors yas? Nope at all brosky lol
0%
Have U read the Dumb Bunnies novel before? Quatro
0%
What is "The answer" Question Mark but the actual symbol, k?
0%
Course? Sand
0%
R U dumber than a kindergartenner? Si
0%
Problems lately? Sure thing brosky.
0%
What that is moune favorito moviefilm? The Lord of the Rings: The Return of the King
0%
Finish the filmation quotetion.:"Lifes lick a boxy of chocolattes =----" U ondy get 1 brosky. kbinow
0%
Hidden Question: Why are you still here? Go home now.
0%
K Yep
0%
Brosky Yes now goodbye get out of here
0%
No matching quizzes found
Score Distribution
Percent of People with Each Score
Percentile by Number Answered
Your Score History
You have not taken this quiz